Statistiques concernant Gares du Gard

Cliquez ici pour prendre le quiz!

Statistiques générales

  • Ce quiz a été pris 74 fois
    (36 depuis la dernière actualisation)
  • Le résultat moyen est 18 sur 28

Statistiques - réponses

Nombre de voyageursGares% Correct
3 669 749Nîmes
100%
53 899Le Grau du Roi
96%
417 520Alès
92%
7 446Beaucaire
92%
5 311Aigues Mortes
88%
12 823Saint Césaire
80%
Bagnols sur Cèze
76%
6 312Gallargues
76%
Nîmes Pont du Gard
76%
Pont Saint Esprit
76%
218 209Vergèze - Codognan
76%
833Le Cailar
72%
3 206Milhaud
72%
1 813Uchaud
72%
19 029Fons - Saint Mamert
68%
357Générac
64%
26 077Génolhac
64%
80 170Saint Geniès de Malgoirès
60%
445Aimargues
56%
2 447Vauvert
56%
236Saint Laurent d'Aigouze
44%
12 094Nozières - Brignon
40%
1 768Boucoiran
36%
4 313Chamborigaud
36%
299Beauvoisin
32%
19 328Grand Combe la Pise
32%
676La Levade
32%
982Sainte Cécile d'Andorge
32%

Distribution des résultats

Percentile par nombre de réponses

% des personnes avec chaque résultat

Votre développement - résultats

Vous n’avez pas pris ce quiz depuis la dernière actualisation